000 00978nas a2200289 4500
001 BR2016001354
003 BR-BrBNA
005 20231205130254.0
007 ta
008 230509b bl.|||p| |||| 00| 00por d
040 _aBR-BrBNA
_bpor
_cBiblioteca Nacional de Agricultura
041 _a(En)
072 _aT01
100 1 _aShekar, G.
100 1 _aNarayan, L.
100 1 _aMuniyellappa, R.M.
245 1 _aImpact of urbanization and study of water quality index on Gidadakonenahalli Lake, Bangalore urban district, Karnataka, India
650 _aPOLUICAO DA AGUA
650 _aQUALIDADE DA AGUA
650 _aPROPRIEDADE FISICO-QUIMICA
650 _aLAGO
650 _aANALISE
773 0 _tAdvances in Forestry Science (Brazil)
_xISSN 2357-8181
_g(Jan-Mar 2015), v. 2(1) p. 7-12
_wBR2016001354
856 4 0 _uhttp://www.periodicoscientificos.ufmt.br/index.php/afor/article/view/1700/pdf
909 _a202311
_bLúcia
_c55
_dLúcia Elande
942 _2AGRIS
_n0
_cANA
999 _c248569
_d248569